000 01344nam a22002897a 4500
003 DO-SdBNP
005 20211123102917.0
007 ta
008 211123b2021 dr ao||| |||| 00| 0 spa d
020 _a9789945917048
040 _aDO-SdBNP
_bspa
_cBNPHU
245 1 0 _a Aventuras del Quijote de José Cestero :
_b homenaje a Miguel de Cervantes Saavedra /
_cCésar Miguel, Amable López Meléndez, Rolando Lecler ; fotografía Mariano Hernández, Gianfranco Lanzetti (In memoriam), César Miguel, Max Noboa ; prólogo César Miguel.
260 _aSanto Domingo :
_bFundación para el Desarrollo del Arte, ArteDom,
_c2021.
300 _a95 p. :
_bil., fot. ;
_c31 cm.
505 0 _aPresentación --
_tPrólogo /
_rCésar Miguel --
_tLas aventuras del Quijote de José Cestero /
_rAmable López Meléndez --
_tJosé Cestero, escultor. Artista plastico de la eternidad /
_rRolando Lecler --
_tBiografía.
590 _aInventariado, 2021 /LP
700 1 _aMiguel, César
_979726
700 1 _aLópez Meléndez, Amable
_925471
700 1 _aLecler, Rolando
_980709
700 1 _aMiguel, César,
_epról.
_979726
700 1 _aHernández, Mariano,
_efot.
_980711
700 1 _aLanzetti, Gianfranco,
_efot.
_962924
700 1 _aMiguel, César
_efot.
_979726
700 1 _aNoboa, Max
_efot.
_980712
910 _aLopérez.
942 _2ddc
_cLBS1
999 _c51020
_d51020